| 000 | 00848nam a22002657a 4500 | ||
|---|---|---|---|
| 003 | CHAP | ||
| 005 | 20220329135453.0 | ||
| 008 | 971013s1978 r 00010 d | ||
| 010 | _a37034 | ||
| 011 | _a38006 | ||
| 035 | _a42126 | ||
| 040 | _cCHAP | ||
| 082 |
_a631.7 _bM4 1978 |
||
| 110 |
_aMéxico. Dirección General de Distritos y Unidades de Riego _976972 |
||
| 245 | _aCaracterísticas de distritos de unidades de riego | ||
| 260 |
_aMéxico, D.F. : _bLa Dirección, _c1978 |
||
| 300 | _av | ||
| 500 | _aLa biblioteca tiene: v.1 Región noroeste y centro norte | ||
| 590 |
_aBATCH-UPD _b10 _c20130110 _lUCH01 _h1305 |
||
| 590 |
_aCONVERSION _b10 _c20130109 _lUCH01 _h1321 |
||
| 650 | 1 | 4 |
_aDistritos de riego. _932966 |
| 901 | _aBK | ||
| 942 | _cLIBRO | ||
| 949 |
_a631.7 M4 1978 _bBC _cLIBRO _d33724000765574 _eLIBRO _fv.1 _h73394 _i42126 _mD _si |
||
| 999 |
_c37034 _d37034 |
||